Die Funde der Fruehen Dimini-zeit aus der Arapi-Magula Thessalien

Saved in:
Bibliographic Details
Main Author: Hauptmann, Harald
Other Authors: Milojcic, Vladimir
Format: Book
Language:German
Published: Bonn : Rudolf Habelt, 1969.
Series:Beitrage zur ur- und Fruhgeschichtlichen Archaologie des Mittelmeer-Kulturraumes ; 8
Subjects:
Tags: Add Tag
No Tags, Be the first to tag this record!

MARC

LEADER 00000cam a2200000 i 4500
001 1/792
008 000413s1969 gw | ||| |||| ||ger||
035 |l 10059784 
040 |a GR-MyUa  |b gre  |e AACR2 
041 0 |a ger 
082 7 |a 938.219   |2 (22) 
100 1 |a Hauptmann, Harald. 
245 1 4 |a Die Funde der Fruehen Dimini-zeit aus der Arapi-Magula Thessalien /   |c H. Hauptmann, V. Milojcic. 
260 |a Bonn :   |b Rudolf Habelt,   |c 1969. 
300 |a 135 σ. ;   |c 30 εκ. 
490 1 |a (Beitrage zur ur-und Fruhgeschichtlichen Archaologie des Mittelmeer-Kulturraumes ;   |v 9) 
650 0 0 |a Dimini ware. 
651 0 |a Dimini (Greece)  |x Antiquities. 
700 1 |a Milojcic, Vladimir. 
830 0 |a Beitrage zur ur- und Fruhgeschichtlichen Archaologie des Mittelmeer-Kulturraumes ;  |v 8 
852 |a INST  |b RHODES  |e 20000413  |h 938.219 HAU  |p 005400013752  |q 005400013752  |t BK  |y 0 
901 |a BIBL4-2000-1 
922 |a 4ΔΩΡ  |b 200003  |c ΔΩΡΕΑ/ΜΣ 
970 |a ΚΟΥΛΑΚΙΟΤΗ  |b ΛΙΤΣΑ  |z 2000/04/13